00682 a2200169 450000500170000000800410001702000150005804000500007304100080012324501590013126000450029030000350033565000300037065000400040065100290044070000430046920150529131858.0150529s2007 nq ||||fs|||| 00| 0 spa d a[sin ISBN] aCO-BoUCMbspacJose A. GerenadJose A. Gerena0 aspa aTicuantepebdesarrollo agroecológico en ticuantepe (Nicaragüa). Evaluación y aprendizajescdirigido por María Libertad Márquez ; Márquez films bMarquez FilmsaManagua (Nicaragua)c2007 a1 DVD (40 min)bimagen, sonido 7aAgricultura zNicaragüa 7aDesarrollo agrícola xNicaragüa 1aNicaragüaxAgricultura1 aMárquez, María Libertad edirector